000 01159cam a2200217 4500
001 WB4018-14
008 040511n2004 000 0 eng u
035 _a(Sirsi) u126161
245 _aDEFRA publishes waste management review
260 _c2004
490 _aDEFRA News Release
_v(175/04) 6 May 2004 (3)
520 _aDEFRA has published a comprehensive review of environmental and health effects of municipal waste management as fulfilment of a government commitment to commission an independent review of the available evidence. The review concludes that present day practice for managing municipal waste has at most a minor effect on human health and the environment, particularly compared with everyday activities. The "Review of environmental and health effects of waste management - municipal waste and similar wastes" is available on the DEFRA website at http://www.defra.gov.uk/environment/waste/health-e ffects/index.htm.
590 _aWB
590 _aWB
650 _aMUNICIPAL SOLID WASTE
650 _aHEALTH EFFECTS
650 _aENVIRONMENTAL EFFECTS
650 _aPOLLUTION LEVELS
690 _aWASTE MANAGEMENT
942 _n0
999 _c117333
_d117333